Calculus (Record no. 63944)

000 -LEADER
fixed length control field 00390nam a22001697a 4500
003 - CONTROL NUMBER IDENTIFIER
control field NUST - PNEC
005 - DATE AND TIME OF LATEST TRANSACTION
control field 20170116180828.0
008 - FIXED-LENGTH DATA ELEMENTS--GENERAL INFORMATION
fixed length control field 150728b xxu||||| |||| 00| 0 eng d
020 ## - INTERNATIONAL STANDARD BOOK NUMBER
International Standard Book Number -
040 ## - CATALOGING SOURCE
Transcribing agency LIBRARY
082 ## - DEWEY DECIMAL CLASSIFICATION NUMBER
Classification number 515 BOY
100 ## - MAIN ENTRY--PERSONAL NAME
9 (RLIN) 4473
Personal name Boyce, William E.
245 ## - TITLE STATEMENT
Title Calculus
Statement of responsibility, etc. William E. Boyce
260 ## - PUBLICATION, DISTRIBUTION, ETC.
Date of publication, distribution, etc. c.1988
650 ## - SUBJECT ADDED ENTRY--TOPICAL TERM
9 (RLIN) 4474
Topical term or geographic name entry element Calculus
General subdivision ME
942 ## - ADDED ENTRY ELEMENTS (KOHA)
Source of classification or shelving scheme
Koha item type Book
Holdings
Withdrawn status Lost status Source of classification or shelving scheme Damaged status Not for loan Permanent Location Current Location Shelving location Date acquired Total Checkouts Full call number Barcode Date last seen Price effective from Koha item type Date last checked out
          Pakistan Navy Engineering College (PNEC) Pakistan Navy Engineering College (PNEC)       515 BOY PNECLIB-014822 07/28/2015   Book  
          Pakistan Navy Engineering College (PNEC) Pakistan Navy Engineering College (PNEC)     1 515 BOY PNECLIB-014828 11/25/2016   Book 11/07/2016
          Pakistan Navy Engineering College (PNEC) Pakistan Navy Engineering College (PNEC)       515 BOY PNECLIB-014830 10/03/2015   Book  
          Pakistan Navy Engineering College (PNEC) Pakistan Navy Engineering College (PNEC)       515 BOY PNECLIB-014825 10/03/2015   Book  
          Pakistan Navy Engineering College (PNEC) Pakistan Navy Engineering College (PNEC)       515 BOY PNECLIB-014827 10/03/2015   Book  
© 2023 Central Library, National University of Sciences and Technology. All Rights Reserved.